[Event "1. Bundesliga 2014/2015"]
[Site "Feffernitz, St. Veit/Glan, Mayrhofen"]
[Date "2014.11.20"]
[Round "1"]
[Board "1"]
[White "Kozul, Zdenko"]
[Black "Haba, Petr"]
[Result "1/2-1/2"]
[WhiteElo "2630"]
[BlackElo "2512"]
[PlyCount "73"]
[EventDate "2014.11.20"]
[EventType "team"]
[EventRounds "11"]
[EventCountry "AUT"]
[WhiteTeam "SV Wolfsberg"]
[BlackTeam "Spk. Grieskirchen/Schallerbach"]

1. d4 d5 2. c4 c6 3. Nf3 Nf6 4. e3 Bg4 5. h3 Bh5 6. Nc3 e6 7. g4 Bg6 8. Ne5
Nbd7 9. Nxg6 hxg6 10. a3 g5 11. Bg2 Bd6 12. e4 Nxe4 13. Bxe4 dxe4 14. Nxe4 Be7
15. Qe2 Nf6 16. Nxg5 Qxd4 17. Be3 Qxg4 18. hxg4 Rxh1+ 19. Kd2 Rxa1 20. Qf3 Rg1
21. Kc3 Rxg4 22. Qh1 Rxg5 23. Bxg5 Ne4+ 24. Qxe4 Bxg5 25. b4 a6 26. Kb3 Rd8 27.
c5 Rd5 28. Qh7 g6 29. Qg8+ Ke7 30. Qb8 Rd7 31. Ka4 Bc1 32. Qg3 g5 33. Qb8 Bf4
34. Qc8 Rc7 35. Qg8 Rd7 36. Qc8 Rc7 37. Qg8 1/2-1/2

[Event "1. Bundesliga 2014/2015"]
[Site "Feffernitz, St. Veit/Glan, Mayrhofen"]
[Date "2014.11.20"]
[Round "1"]
[Board "2"]
[White "Kilgus, Georg"]
[Black "Stevic, Hrvoje"]
[Result "0-1"]
[WhiteElo "2429"]
[BlackElo "2594"]
[PlyCount "60"]
[EventDate "2014.11.20"]
[EventType "team"]
[EventRounds "11"]
[EventCountry "AUT"]
[WhiteTeam "Spk. Grieskirchen/Schallerbach"]
[BlackTeam "SV Wolfsberg"]

1. Nf3 d5 2. g3 Nc6 3. d4 Bg4 4. Nbd2 Qd7 5. h3 Bf5 6. c3 e6 7. Bg2 Bd6 8. Nh4
Nf6 9. Nxf5 exf5 10. e3 Nd8 11. c4 c6 12. Qb3 O-O 13. O-O a5 14. a3 a4 15. Qa2
Bc7 16. Nb1 Ba5 17. Nc3 Bxc3 18. bxc3 b5 19. c5 Nb7 20. f3 h5 21. Qf2 Na5 22.
Ra2 Rae8 23. Re1 Nb3 24. Kf1 Re6 25. Ke2 Nxc1+ 26. Rxc1 Rfe8 27. Kd3 Rxe3+ 28.
Qxe3 Rxe3+ 29. Kxe3 f4+ 30. gxf4 h4 0-1

[Event "1. Bundesliga 2014/2015"]
[Site "Feffernitz, St. Veit/Glan, Mayrhofen"]
[Date "2014.11.20"]
[Round "1"]
[Board "3"]
[White "Jovanovic, Zoran"]
[Black "Schwabeneder, Florian"]
[Result "1-0"]
[WhiteElo "2530"]
[BlackElo "2320"]
[PlyCount "71"]
[EventDate "2014.11.20"]
[EventType "team"]
[EventRounds "11"]
[EventCountry "AUT"]
[WhiteTeam "SV Wolfsberg"]
[BlackTeam "Spk. Grieskirchen/Schallerbach"]

1. e4 e6 2. d4 d5 3. Nc3 Nc6 4. Nf3 Nf6 5. Bd3 Nb4 6. Bg5 dxe4 7. Nxe4 Nxd3+ 8.
Qxd3 Be7 9. Bxf6 gxf6 10. c4 b6 11. O-O-O Bb7 12. d5 Qd7 13. Nc3 O-O-O 14. Qc2
Bb4 15. a3 Bxc3 16. Qxc3 exd5 17. Qxf6 Rhg8 18. g3 Qa4 19. Ne5 dxc4 20. Rxd8+
Rxd8 21. Nxf7 Re8 22. Rd1 Be4 23. Rd8+ Kb7 24. Rd2 Ka6 25. Qc3 Qb5 26. f4 Qc5
27. Ne5 b5 28. Qd4 Qxd4 29. Rxd4 Bf5 30. a4 c6 31. Nxc6 Re1+ 32. Rd1 Re3 33.
axb5+ Kb6 34. Ne5 Kxb5 35. Rd5+ Ka4 36. Nc6 1-0

[Event "1. Bundesliga 2014/2015"]
[Site "Feffernitz, St. Veit/Glan, Mayrhofen"]
[Date "2014.11.20"]
[Round "1"]
[Board "4"]
[White "Singer, Christoph"]
[Black "Cebalo, Miso"]
[Result "1/2-1/2"]
[WhiteElo "2358"]
[BlackElo "2379"]
[PlyCount "76"]
[EventDate "2014.11.20"]
[EventType "team"]
[EventRounds "11"]
[EventCountry "AUT"]
[WhiteTeam "Spk. Grieskirchen/Schallerbach"]
[BlackTeam "SV Wolfsberg"]

1. e4 c5 2. Nf3 d6 3. Bb5+ Nd7 4. d4 cxd4 5. Qxd4 a6 6. Bc4 e6 7. Nc3 Ngf6 8.
a4 Be7 9. O-O Qc7 10. Bg5 b6 11. Rfe1 O-O 12. Rad1 Bb7 13. Bf1 Rac8 14. Bh4
Rfe8 15. Bg3 e5 16. Qe3 Nc5 17. Bd3 h6 18. Nh4 Nh5 19. Nf5 Bg5 20. Qe2 Nxg3 21.
hxg3 g6 22. Ne3 Bxe3 23. Qxe3 Kg7 24. Bc4 Ne6 25. Bd5 Nd4 26. Rxd4 exd4 27.
Qxd4+ f6 28. Bxb7 Qxb7 29. Nd5 Re6 30. c3 Rce8 31. Re3 Qc6 32. b4 h5 33. f3 Rb8
34. f4 Rbe8 35. Kh2 Kf7 36. Kg1 Kg7 37. Kh2 Kf7 38. Kg1 Kg7 1/2-1/2

[Event "1. Bundesliga 2014/2015"]
[Site "Feffernitz, St. Veit/Glan, Mayrhofen"]
[Date "2014.11.20"]
[Round "1"]
[Board "5"]
[White "Steflitsch, Erich"]
[Black "Lentrodt, Thomas"]
[Result "1-0"]
[WhiteElo "2343"]
[BlackElo "2271"]
[PlyCount "133"]
[EventDate "2014.11.20"]
[EventType "team"]
[EventRounds "11"]
[EventCountry "AUT"]
[WhiteTeam "SV Wolfsberg"]
[BlackTeam "Spk. Grieskirchen/Schallerbach"]

1. d4 Nf6 2. c4 e6 3. Nf3 Bb4+ 4. Bd2 Qe7 5. g3 Nc6 6. Nc3 Bxc3 7. Bxc3 Ne4 8.
Rc1 O-O 9. Bg2 d6 10. O-O Nxc3 11. Rxc3 e5 12. d5 Nb8 13. Qc2 Bg4 14. c5 Na6
15. c6 b5 16. Ne1 Nc5 17. f3 Bh5 18. Nd3 Na4 19. Rb3 a6 20. e4 Bg6 21. Bh3 Qg5
22. Nf2 Nc5 23. Rc3 b4 24. Qc1 Qe7 25. Rc4 a5 26. Qc2 Rfb8 27. Qd2 Rf8 28. Qc2
Rab8 29. b3 Ra8 30. Nd3 Nxd3 31. Qxd3 Qg5 32. Rf2 f5 33. exf5 Bxf5 34. Bxf5
Qxf5 35. Qxf5 Rxf5 36. Kg2 Rb8 37. Rd2 Rb5 38. Rd3 Kf7 39. Rd2 Ke7 40. Rg4 Rf7
41. Kf2 Rc5 42. Rc4 g5 43. Ke3 Rxc4 44. bxc4 h5 45. a3 bxa3 46. Ra2 g4 47. f4
exf4+ 48. gxf4 Rf8 49. Rxa3 Ra8 50. Kd4 a4 51. Re3+ Kf6 52. Ra3 Ra5 53. Kc3 h4
54. Kb4 Ra8 55. c5 dxc5+ 56. Kxc5 Ra5+ 57. Kd4 Kf5 58. d6 cxd6 59. c7 Ra8 60.
Kd5 Rc8 61. Kxd6 Kxf4 62. Rxa4+ Kf3 63. Kd7 Rg8 64. c8=Q Rxc8 65. Kxc8 g3 66.
Rxh4 g2 67. Rh3+ 1-0

[Event "1. Bundesliga 2014/2015"]
[Site "Feffernitz, St. Veit/Glan, Mayrhofen"]
[Date "2014.11.20"]
[Round "1"]
[Board "6"]
[White "Schueller, Ernst"]
[Black "Hresc, Vladimir"]
[Result "1-0"]
[WhiteElo "2185"]
[BlackElo "2400"]
[PlyCount "173"]
[EventDate "2014.11.20"]
[EventType "team"]
[EventRounds "11"]
[EventCountry "AUT"]
[WhiteTeam "Spk. Grieskirchen/Schallerbach"]
[BlackTeam "SV Wolfsberg"]

1. d4 Nf6 2. Nf3 b6 3. g3 Bb7 4. Bg2 e6 5. O-O Be7 6. c4 O-O 7. Nc3 d5 8. Ne5
Nbd7 9. Nxd7 Qxd7 10. Bg5 h6 11. Bxf6 Bxf6 12. cxd5 exd5 13. e3 Rfd8 14. Qh5 c6
15. Rfd1 Qe7 16. a3 Kh7 17. Qe2 Kg8 18. Rac1 a5 19. Qc2 b5 20. a4 b4 21. Nb1
Qc7 22. Nd2 Qb6 23. Nb3 Be7 24. Bf1 Rac8 25. Nc5 Rc7 26. b3 Bc8 27. Bd3 Rd6 28.
Bh7+ Kf8 29. Bf5 g6 30. Bxc8 Rxc8 31. Qe2 h5 32. e4 dxe4 33. Qxe4 Rcd8 34. Rc4
Rd5 35. Re1 Bf6 36. Qf4 Kg7 37. Re4 Qa7 38. h4 Qb6 39. Kg2 Qa7 40. Qe3 Qc7 41.
Nd3 Qd6 42. Ne5 Bxe5 43. dxe5 Qe6 44. Qf4 c5 45. Re3 Re8 46. Rce4 Qf5 47. Re1
Qxf4 48. gxf4 Re6 49. Rc1 f6 50. Rce1 Kf7 51. Kf3 fxe5 52. fxe5 Rd3+ 53. R1e3
Rd5 54. Ke2 Ke7 55. f4 Kd7 56. Rc4 Kc6 57. Rg3 Rd4 58. Rxd4 cxd4 59. Kd3 Kd5
60. Rg5 Rc6 61. e6+ Kd6 62. Kxd4 Rc3 63. Rxa5 Rxb3 64. Ra6+ Ke7 65. Rb6 Rb1 66.
f5 gxf5 67. Ke5 Re1+ 68. Kxf5 Rf1+ 69. Kg5 Rg1+ 70. Kxh5 Rb1 71. a5 Ra1 72. a6
Ra4 73. Kg5 b3 74. h5 b2 75. Rxb2 Rxa6 76. Re2 Ra1 77. Kh6 Rh1 78. Re5 Rf1 79.
Kg6 Rf6+ 80. Kg7 Rf2 81. Rg5 Kxe6 82. h6 Rf7+ 83. Kg8 Ra7 84. h7 Kf6 85. h8=Q+
Kxg5 86. Qe5+ Kg6 87. Qd6+ 1-0

[Event "1. Bundesliga 2014/2015"]
[Site "Feffernitz, St. Veit/Glan, Mayrhofen"]
[Date "2014.11.20"]
[Round "1"]
[Board "1"]
[White "Prohaszka, Peter"]
[Black "Lenic, Luka"]
[Result "1/2-1/2"]
[WhiteElo "2597"]
[BlackElo "2648"]
[PlyCount "132"]
[EventDate "2014.11.20"]
[EventType "team"]
[EventRounds "11"]
[EventCountry "AUT"]
[WhiteTeam "SV Jacques Lemans St. Veit"]
[BlackTeam "SV Raika Rapid Feffernitz"]

1. d4 d5 2. c4 dxc4 3. e3 Nf6 4. Bxc4 e6 5. Nf3 c5 6. O-O a6 7. dxc5 Qxd1 8.
Rxd1 Bxc5 9. Be2 Nc6 10. Nbd2 O-O 11. b3 b5 12. Bb2 Bb7 13. a4 bxa4 14. Rac1
Be7 15. bxa4 Rfd8 16. Nd4 Nxd4 17. Bxd4 Nd5 18. Nc4 a5 19. Bf3 Ra6 20. Nb6 h6
21. Be2 Rxb6 22. Bxb6 Nxb6 23. Rc7 Rxd1+ 24. Bxd1 Bxg2 25. Kxg2 Bb4 26. Bb3 Kf8
27. Rb7 Bc5 28. Kf3 Ke8 29. Ke2 Nd7 30. Bc4 Ne5 31. Rb5 Bd6 32. Bd3 Bc7 33. Rc5
Kd8 34. h3 g5 35. Bb5 h5 36. Rc1 g4 37. Rd1+ Ke7 38. hxg4 hxg4 39. Rh1 Bd6 40.
Rh8 Bb4 41. Rg8 f5 42. Ra8 Bc3 43. Ra7+ Kd6 44. Ra6+ Ke7 45. Rb6 Bb4 46. Rb7+
Kd6 47. Ra7 Bc3 48. Ba6 Nd7 49. Bd3 Nc5 50. Bc2 Ke5 51. Rc7 Bb4 52. Rc8 Kd5 53.
Rg8 Ke5 54. Rg6 Bc3 55. e4 Nxe4 56. Bxe4 Kxe4 57. Rxe6+ Kd4 58. Re8 Bb4 59. Kf1
Kc4 60. Re5 Kb3 61. Rxf5 Kxa4 62. Rf4 Kb3 63. Rxg4 a4 64. Rg8 a3 65. Ra8 a2 66.
Rxa2 Kxa2 1/2-1/2

[Event "1. Bundesliga 2014/2015"]
[Site "Feffernitz, St. Veit/Glan, Mayrhofen"]
[Date "2014.11.20"]
[Round "1"]
[Board "2"]
[White "Skoberne, Jure"]
[Black "Kuljasevic, Davorin"]
[Result "0-1"]
[WhiteElo "2555"]
[BlackElo "2546"]
[PlyCount "104"]
[EventDate "2014.11.20"]
[EventType "team"]
[EventRounds "11"]
[EventCountry "AUT"]
[WhiteTeam "SV Raika Rapid Feffernitz"]
[BlackTeam "SV Jacques Lemans St. Veit"]

1. c4 e6 2. Nf3 Nf6 3. g3 d5 4. b3 Be7 5. Bb2 O-O 6. Bg2 c5 7. O-O Nc6 8. d3 d4
9. e4 e5 10. h3 Bd6 11. Bc1 Re8 12. Nh2 g6 13. Nd2 Nh5 14. Ng4 Nf6 15. Nh6+ Kg7
16. Nf3 Ng8 17. Qd2 Bf8 18. Nxg8 Kxg8 19. Nh2 Bd7 20. f4 exf4 21. gxf4 Qh4 22.
Nf3 Qg3 23. Qf2 Qxf2+ 24. Kxf2 Rab8 25. Bd2 b5 26. cxb5 Rxb5 27. Rfc1 a5 28.
Rc4 Nb4 29. Ke2 Rb6 30. Rcc1 f6 31. Ne1 Bb5 32. a3 Nc6 33. Rab1 Ba6 34. Kd1
Reb8 35. e5 fxe5 36. fxe5 Nxe5 37. Bxa5 Rf6 38. Bc7 Re8 39. Bxe5 Rxe5 40. b4
cxb4 41. axb4 Rf2 42. Rc2 Rxe1+ 43. Kxe1 Rxc2 44. Bd5+ Kg7 45. b5 Bc8 46. b6
Bxh3 47. b7 Bd6 48. b8=Q Bxb8 49. Rxb8 Bf5 50. Rb7+ Kf6 51. Rxh7 Bxd3 52. Bf3
Bf5 0-1

[Event "1. Bundesliga 2014/2015"]
[Site "Feffernitz, St. Veit/Glan, Mayrhofen"]
[Date "2014.11.20"]
[Round "1"]
[Board "3"]
[White "Bosiocic, Marin"]
[Black "Schreiner, Peter"]
[Result "1-0"]
[WhiteElo "2556"]
[BlackElo "2435"]
[PlyCount "97"]
[EventDate "2014.11.20"]
[EventType "team"]
[EventRounds "11"]
[EventCountry "AUT"]
[WhiteTeam "SV Jacques Lemans St. Veit"]
[BlackTeam "SV Raika Rapid Feffernitz"]

1. d4 Nf6 2. Bg5 Ne4 3. Bf4 c5 4. f3 Qa5+ 5. c3 Nf6 6. Nd2 cxd4 7. Nb3 Qb6 8.
Qxd4 Nc6 9. Qxb6 axb6 10. Nd4 e5 11. Nxc6 exf4 12. Nd4 d5 13. g3 Bd6 14. Nb5
Bb8 15. gxf4 Bxf4 16. e3 Be5 17. Bd3 Nd7 18. f4 Bb8 19. Nf3 Nc5 20. Bc2 Bd7 21.
Nfd4 O-O 22. h4 Re8 23. Kf2 Ne4+ 24. Bxe4 Rxe4 25. Rhg1 f6 26. a3 Kf8 27. b3 h5
28. Rad1 Kg8 29. Rg2 Kh7 30. a4 Bh3 31. Rg3 Bg4 32. Nf3 Bxf4 33. exf4 Rae8 34.
Rxd5 Re2+ 35. Kg1 Rb2 36. Nbd4 Re4 37. f5 Bxf3 38. Nxf3 Rb1+ 39. Kh2 Rxb3 40.
Rd7 Rg4 41. Rxg4 hxg4 42. Nd4 Rxc3 43. Ne6 Rh3+ 44. Kg2 Rxh4 45. Rxg7+ Kh8 46.
Rg6 g3 47. Kxg3 Rxa4 48. Rxf6 b5 49. Rf7 1-0

[Event "1. Bundesliga 2014/2015"]
[Site "Feffernitz, St. Veit/Glan, Mayrhofen"]
[Date "2014.11.20"]
[Round "1"]
[Board "4"]
[White "Diermair, Andreas"]
[Black "Rogic, Davor"]
[Result "1/2-1/2"]
[WhiteElo "2463"]
[BlackElo "2547"]
[PlyCount "87"]
[EventDate "2014.11.20"]
[EventType "team"]
[EventRounds "11"]
[EventCountry "AUT"]
[WhiteTeam "SV Raika Rapid Feffernitz"]
[BlackTeam "SV Jacques Lemans St. Veit"]

1. Nf3 d5 2. c4 d4 3. b4 g6 4. g3 Bg7 5. d3 e5 6. Bg2 Ne7 7. O-O O-O 8. a4 c5
9. b5 a6 10. Nbd2 Ra7 11. Rb1 Nd7 12. Ne4 Qc7 13. e3 axb5 14. cxb5 dxe3 15.
fxe3 b6 16. Qb3 Nf6 17. Nxf6+ Bxf6 18. Nd2 Be6 19. Nc4 Bg7 20. Bd2 Qd8 21. Qc2
Rd7 22. Rb3 Nd5 23. Qb1 e4 24. a5 exd3 25. Rc1 Re8 26. Rxd3 Bf5 27. e4 Rxe4 28.
Bxe4 Bxe4 29. Qb3 Bxd3 30. Qxd3 Nc3 31. Qf3 Nxb5 32. axb6 Nd4 33. Qg2 Nb3 34.
Rc2 Re7 35. Ra2 Qd4+ 36. Qf2 Qe4 37. Be3 Nd4 38. Ra7 Nf3+ 39. Qxf3 Qxf3 40.
Rxe7 Qd1+ 41. Kf2 Qc2+ 42. Kg1 Qd1+ 43. Kf2 Qc2+ 44. Kg1 1/2-1/2

[Event "1. Bundesliga 2014/2015"]
[Site "Feffernitz, St. Veit/Glan, Mayrhofen"]
[Date "2014.11.20"]
[Round "1"]
[Board "5"]
[White "Hoelzl, Franz"]
[Black "Sebenik, Matej"]
[Result "0-1"]
[WhiteElo "2333"]
[BlackElo "2515"]
[PlyCount "106"]
[EventDate "2014.11.20"]
[EventType "team"]
[EventRounds "11"]
[EventCountry "AUT"]
[WhiteTeam "SV Jacques Lemans St. Veit"]
[BlackTeam "SV Raika Rapid Feffernitz"]

1. d4 Nf6 2. c4 e6 3. Nf3 Bb4+ 4. Nbd2 O-O 5. a3 Be7 6. e4 d5 7. e5 Nfd7 8. b4
a5 9. b5 c5 10. bxc6 bxc6 11. Qc2 Ba6 12. Bb2 c5 13. Bd3 h6 14. O-O Nc6 15.
Rfe1 Rc8 16. dxc5 Nxc5 17. Bf1 a4 18. cxd5 Qxd5 19. Nc4 Nb3 20. Rad1 Qc5 21.
Qe4 Rcd8 22. Nd6 Qb6 23. Qxa4 Bxf1 24. Rxf1 Nc5 25. Qc2 Nb7 26. Nc4 Qa6 27. h4
Rxd1 28. Rxd1 Rc8 29. Nd6 Rd8 30. Nxb7 Rxd1+ 31. Qxd1 Qxb7 32. Qc2 Qb5 33. a4
Qd5 34. h5 Bb4 35. Kf1 Ba5 36. Ke2 Nb4 37. Qc8+ Kh7 38. Qc3 Qe4+ 39. Kf1 Nc6
40. Qe3 Qc2 41. Qc1 Qxa4 42. Kg1 Qe4 43. Bc3 Bxc3 44. Qxc3 Nb4 45. Nd2 Qg4 46.
g3 Qd1+ 47. Kg2 Nd5 48. Qd4 Qxh5 49. Nc4 Qe2 50. Nd6 f6 51. exf6 Nxf6 52. Nc4
Ne4 53. Ne5 Nxf2 0-1

[Event "1. Bundesliga 2014/2015"]
[Site "Feffernitz, St. Veit/Glan, Mayrhofen"]
[Date "2014.11.20"]
[Round "1"]
[Board "6"]
[White "Fauland, Alexander"]
[Black "Hebesberger, Thomas"]
[Result "1-0"]
[WhiteElo "2433"]
[BlackElo "2338"]
[PlyCount "77"]
[EventDate "2014.11.20"]
[EventType "team"]
[EventRounds "11"]
[EventCountry "AUT"]
[WhiteTeam "SV Raika Rapid Feffernitz"]
[BlackTeam "SV Jacques Lemans St. Veit"]

1. Nf3 c5 2. e4 d6 3. Bb5+ Nd7 4. c4 Ngf6 5. Nc3 g6 6. d3 Bg7 7. O-O O-O 8. h3
Nb6 9. Be3 a6 10. Ba4 Nxa4 11. Qxa4 b5 12. Qc2 Rb8 13. Rad1 Qa5 14. b3 Bb7 15.
Rfe1 e6 16. Bd2 Qb6 17. Qc1 d5 18. cxd5 exd5 19. e5 Nd7 20. Bh6 Rfe8 21. Bxg7
Kxg7 22. Qf4 d4 23. Ne4 Bxe4 24. Rxe4 f5 25. Re2 Nf8 26. e6 Rxe6 27. Rxe6 Nxe6
28. Qe5+ Kf7 29. Re1 Rd8 30. h4 Nf8 31. Qe7+ Kg8 32. Ne5 Qd6 33. Qf7+ Kh8 34.
Qb7 Kg8 35. Nf7 Qd7 36. Nxd8 Qxd8 37. Qxa6 Qd7 38. Qf6 Qf7 39. Qd6 1-0

[Event "1. Bundesliga 2014/2015"]
[Site "Feffernitz, St. Veit/Glan, Mayrhofen"]
[Date "2014.11.20"]
[Round "1"]
[Board "1"]
[White "Luther, Thomas"]
[Black "Lovrinovic, Christian"]
[Result "1-0"]
[WhiteElo "2570"]
[BlackElo "2131"]
[PlyCount "47"]
[EventDate "2014.11.20"]
[EventType "team"]
[EventRounds "11"]
[EventCountry "AUT"]
[WhiteTeam "SK Absam"]
[BlackTeam "ASVOE Pamhagen"]

1. e4 c5 2. Nf3 d6 3. Bb5+ Bd7 4. Bxd7+ Nxd7 5. O-O g6 6. c3 Bg7 7. d4 Qc7 8.
Qe2 h6 9. a4 Rd8 10. Na3 a6 11. Nc4 cxd4 12. cxd4 Rc8 13. Bd2 Nb6 14. Ne3 Qd7
15. a5 Na8 16. Rfc1 Rxc1+ 17. Rxc1 Nf6 18. e5 Ne4 19. Bb4 O-O 20. Nd5 Ng5 21.
Nxg5 hxg5 22. Qd2 Re8 23. Qxg5 Bf8 24. exd6 1-0

[Event "1. Bundesliga 2014/2015"]
[Site "Feffernitz, St. Veit/Glan, Mayrhofen"]
[Date "2014.11.20"]
[Round "1"]
[Board "2"]
[White "Vitouch, Anatol"]
[Black "Dizdar, Goran"]
[Result "1/2-1/2"]
[WhiteElo "2336"]
[BlackElo "2500"]
[PlyCount "154"]
[EventDate "2014.11.20"]
[EventType "team"]
[EventRounds "11"]
[EventCountry "AUT"]
[WhiteTeam "ASVOE Pamhagen"]
[BlackTeam "SK Absam"]

1. g3 d5 2. Nf3 Bg4 3. Bg2 c6 4. c4 e6 5. cxd5 exd5 6. O-O Nf6 7. d3 Be7 8. Qb3
Qc8 9. Nc3 Na6 10. e4 dxe4 11. dxe4 O-O 12. Be3 Re8 13. Ng5 Bh5 14. Bh3 Qc7 15.
f4 h6 16. Nf3 Bc5 17. Rae1 Bxf3 18. Rxf3 Nxe4 19. Nxe4 Rxe4 20. Bf5 Re7 21. Kf1
Rae8 22. Bd2 Rxe1+ 23. Bxe1 Qe7 24. Qd1 Nc7 25. Bd3 Nd5 26. Bd2 Bb4 27. a3 Bxd2
28. Qxd2 Ne3+ 29. Kf2 Ng4+ 30. Kg2 Ne3+ 31. Kf2 Ng4+ 32. Kg2 h5 33. b4 Qd8 34.
Qc3 Qd5 35. Bc4 Qd1 36. h3 Nf6 37. Rf1 Qd6 38. Qd3 Qxd3 39. Bxd3 Re3 40. Rf3
Re1 41. Rf1 Rxf1 42. Bxf1 Kf8 43. Kf3 Ke7 44. Ke3 Ne8 45. g4 hxg4 46. hxg4 Nd6
47. Kd4 b6 48. a4 Nb7 49. Ba6 Nd8 50. a5 Ne6+ 51. Ke5 bxa5 52. bxa5 f6+ 53. Kf5
Nf8 54. g5 fxg5 55. fxg5 Kd6 56. Be2 Ke7 57. Bc4 g6+ 58. Ke5 Nd7+ 59. Kd4 Kd6
60. Bd3 Ne5 61. Be4 c5+ 62. Kc3 Kc7 63. Kb3 Nf7 64. Bxg6 Nxg5 65. Kc4 Ne6 66.
Bf7 Nd8 67. Bd5 Kd6 68. Bg2 Nc6 69. Kb5 Nb4 70. Bb7 Nd5 71. Bc8 Ne3 72. Bb7 c4
73. Kb4 Kc7 74. Bf3 Kd6 75. Bb7 Ke6 76. Kc3 Ke5 77. Ba8 Kd6 1/2-1/2

[Event "1. Bundesliga 2014/2015"]
[Site "Feffernitz, St. Veit/Glan, Mayrhofen"]
[Date "2014.11.20"]
[Round "1"]
[Board "3"]
[White "Rotstein, Arkadij"]
[Black "Hapala, Elisabeth"]
[Result "1-0"]
[WhiteElo "2500"]
[BlackElo "2074"]
[PlyCount "77"]
[EventDate "2014.11.20"]
[EventType "team"]
[EventRounds "11"]
[EventCountry "AUT"]
[WhiteTeam "SK Absam"]
[BlackTeam "ASVOE Pamhagen"]

1. Nf3 d5 2. d4 Nf6 3. c4 c6 4. e3 Bf5 5. Nc3 e6 6. Bd3 Bxd3 7. Qxd3 Nbd7 8.
O-O Bb4 9. Bd2 Be7 10. e4 Nc5 11. dxc5 dxe4 12. Qxd8+ Rxd8 13. Be3 exf3 14.
gxf3 O-O 15. Ne4 Rd7 16. b4 Rfd8 17. Rab1 Kf8 18. b5 Rd3 19. Nd6 Bxd6 20. cxd6
cxb5 21. Bxa7 bxc4 22. Rxb7 Nd7 23. Rc1 Rxd6 24. Rxc4 Ra6 25. Rc2 Ke8 26. Bd4
f6 27. f4 Rda8 28. Rcc7 Rd6 29. Ba7 Rd8 30. Be3 Ra6 31. Ra7 Rxa7 32. Rxa7 Rb8
33. a4 Rb3 34. a5 Ra3 35. a6 Kd8 36. Ra8+ Kc7 37. a7 Kb7 38. Rd8 Nb6 39. Bxb6
 1-0

[Event "1. Bundesliga 2014/2015"]
[Site "Feffernitz, St. Veit/Glan, Mayrhofen"]
[Date "2014.11.20"]
[Round "1"]
[Board "4"]
[White "Kuthan, Andreas"]
[Black "Wegerle, Joerg"]
[Result "1-0"]
[WhiteElo "2240"]
[BlackElo "2434"]
[PlyCount "137"]
[EventDate "2014.11.20"]
[EventType "team"]
[EventRounds "11"]
[EventCountry "AUT"]
[WhiteTeam "ASVOE Pamhagen"]
[BlackTeam "SK Absam"]

1. d4 Nf6 2. c4 e6 3. Nc3 Bb4 4. e3 O-O 5. Bd3 d5 6. Nge2 b6 7. O-O Bb7 8. cxd5
exd5 9. Bd2 Bd6 10. Rc1 c5 11. dxc5 bxc5 12. Na4 Nbd7 13. Ng3 g6 14. Bc3 Rc8
15. Qe2 Re8 16. Ba6 Bxa6 17. Qxa6 Re6 18. Qd3 c4 19. Qd1 Qc7 20. Bd4 Be5 21.
Nc3 Qb7 22. Rc2 Rce8 23. Nge2 Ra6 24. Bxe5 Rxe5 25. Nf4 Ra5 26. Qd4 Qb6 27. Rd1
Qxd4 28. Rxd4 h6 29. Rcd2 Nb6 30. Kf1 Kg7 31. Rd1 g5 32. Nfe2 Kg6 33. h4 Nc8
34. hxg5 hxg5 35. Ng3 Ne7 36. a3 Rc5 37. R4d2 Nc6 38. Nge2 Ne7 39. Nd4 Nf5 40.
Nf3 Re6 41. Nxd5 Ne4 42. Rc2 f6 43. Nc3 Rc7 44. Nd4 Nxd4 45. Rxd4 Nxc3 46. Rxc3
Rb7 47. Rd2 Reb6 48. Rxc4 Rxb2 49. Rxb2 Rxb2 50. Rc7 Rb1+ 51. Ke2 g4 52. g3
Rb2+ 53. Kf1 a6 54. Rc6 Ra2 55. Rxa6 Kf5 56. a4 Ke5 57. a5 f5 58. Ra8 Ra1+ 59.
Kg2 Ke6 60. a6 Kf7 61. a7 Kg7 62. e4 fxe4 63. Re8 Rxa7 64. Rxe4 Kf6 65. Rxg4
Ra2 66. Rf4+ Kg5 67. Kh3 Ra1 68. Rf8 Rh1+ 69. Kg2 1-0

[Event "1. Bundesliga 2014/2015"]
[Site "Feffernitz, St. Veit/Glan, Mayrhofen"]
[Date "2014.11.20"]
[Round "1"]
[Board "5"]
[White "Deglmann, Ludwig"]
[Black "Prinzjakowitsch, Bernhard"]
[Result "1-0"]
[WhiteElo "2374"]
[BlackElo "2178"]
[PlyCount "77"]
[EventDate "2014.11.20"]
[EventType "team"]
[EventRounds "11"]
[EventCountry "AUT"]
[WhiteTeam "SK Absam"]
[BlackTeam "ASVOE Pamhagen"]

1. d4 Nf6 2. c4 e6 3. Nc3 Bb4 4. e3 b6 5. Nge2 Bb7 6. a3 Be7 7. d5 exd5 8. cxd5
O-O 9. Ng3 Bd6 10. Be2 Be5 11. e4 Bxc3+ 12. bxc3 Re8 13. f3 d6 14. O-O Ba6 15.
c4 Nbd7 16. Bb2 Nc5 17. a4 Bc8 18. a5 Bd7 19. Ra3 bxa5 20. Rxa5 Rb8 21. Bc3 a6
22. Rxc5 dxc5 23. e5 Qe7 24. Bd3 Nxd5 25. cxd5 c4 26. Be4 Rb3 27. d6 cxd6 28.
exd6 Qg5 29. Qd4 Rxc3 30. Qxc3 Qc5+ 31. Kh1 Qxd6 32. Qc2 g6 33. Rd1 Qb4 34. Rb1
Qc5 35. Bd3 Bb5 36. Ne4 Qd4 37. Bf1 f5 38. Rd1 Qe3 39. Nf6+ 1-0

[Event "1. Bundesliga 2014/2015"]
[Site "Feffernitz, St. Veit/Glan, Mayrhofen"]
[Date "2014.11.20"]
[Round "1"]
[Board "1"]
[White "Volokitin, Andrei"]
[Black "Postny, Evgeny"]
[Result "1-0"]
[WhiteElo "2642"]
[BlackElo "2645"]
[PlyCount "81"]
[EventDate "2014.11.20"]
[EventType "team"]
[EventRounds "11"]
[EventCountry "AUT"]
[WhiteTeam "Sparkasse Jenbach"]
[BlackTeam "SIR Royal Salzburg"]

1. e4 e5 2. Nf3 Nc6 3. Bb5 Nf6 4. O-O Nxe4 5. d4 Nd6 6. Bxc6 dxc6 7. dxe5 Nf5
8. Qxd8+ Kxd8 9. Rd1+ Ke8 10. Nc3 b6 11. Bf4 h6 12. h3 Be7 13. g4 Nh4 14. Nxh4
Bxh4 15. Kg2 Be7 16. f3 Be6 17. Ne2 Bc4 18. Nd4 c5 19. Nf5 g6 20. Ne3 Be6 21.
Nd5 Rc8 22. Bg3 g5 23. f4 Bxd5+ 24. Rxd5 gxf4 25. Bxf4 h5 26. e6 fxe6 27. Rxh5
Rxh5 28. gxh5 Bf6 29. c3 Ke7 30. Re1 Rd8 31. Kf3 Rd5 32. Kg4 Kf7 33. h4 Rf5 34.
Re4 c6 35. Bg5 Be5 36. Re2 Bh8 37. h6 b5 38. Rd2 Rd5 39. Rf2+ Kg8 40. Kh5 e5
41. Be7 1-0

[Event "1. Bundesliga 2014/2015"]
[Site "Feffernitz, St. Veit/Glan, Mayrhofen"]
[Date "2014.11.20"]
[Round "1"]
[Board "2"]
[White "Bromberger, Stefan"]
[Black "Nisipeanu, Liviu-Dieter"]
[Result "0-1"]
[WhiteElo "2544"]
[BlackElo "2651"]
[PlyCount "60"]
[EventDate "2014.11.20"]
[EventType "team"]
[EventRounds "11"]
[EventCountry "AUT"]
[WhiteTeam "SIR Royal Salzburg"]
[BlackTeam "Sparkasse Jenbach"]

1. e4 c5 2. Nf3 e6 3. d4 cxd4 4. Nxd4 Nf6 5. Nc3 d6 6. Be2 Be7 7. O-O O-O 8. f4
Nc6 9. Kh1 Nxd4 10. Qxd4 b6 11. Be3 Bb7 12. Rad1 Rc8 13. Bf3 Rc7 14. e5 Bxf3
15. gxf3 dxe5 16. fxe5 Qxd4 17. Rxd4 Nh5 18. Rfd1 h6 19. Ra4 Rfc8 20. Ne4 b5
21. Ra5 Rxc2 22. Rxa7 Re2 23. Bg1 Bg5 24. Nd6 Rcc2 25. Nxb5 Rxb2 26. Nc3 Rec2
27. Ne4 Bf4 28. a4 Bxh2 29. a5 Bxg1 30. Kxg1 Rg2+ 0-1

[Event "1. Bundesliga 2014/2015"]
[Site "Feffernitz, St. Veit/Glan, Mayrhofen"]
[Date "2014.11.20"]
[Round "1"]
[Board "3"]
[White "Schlosser, Philipp"]
[Black "Mons, Leon"]
[Result "1-0"]
[WhiteElo "2571"]
[BlackElo "2446"]
[PlyCount "71"]
[EventDate "2014.11.20"]
[EventType "team"]
[EventRounds "11"]
[EventCountry "AUT"]
[WhiteTeam "Sparkasse Jenbach"]
[BlackTeam "SIR Royal Salzburg"]

1. d4 d5 2. c4 e6 3. Nf3 Nf6 4. Nc3 Be7 5. g3 O-O 6. Bg2 dxc4 7. Ne5 Nc6 8.
Bxc6 bxc6 9. Nxc6 Qe8 10. Nxe7+ Qxe7 11. Qa4 c5 12. Qxc4 cxd4 13. Qxd4 e5 14.
Qh4 Rb8 15. O-O Rb4 16. e4 Qb7 17. f3 Qb6+ 18. Rf2 Rd8 19. g4 Rd3 20. Kg2 h6
21. h3 Be6 22. Re2 Nd7 23. Qf2 Qa6 24. Be3 Nb6 25. Rc1 Rc4 26. Rec2 Rc8 27. b3
Qa5 28. Nb1 Rxc2 29. Rxc2 Rd8 30. Nd2 Qb5 31. Nf1 Rb8 32. Rc5 Qd3 33. Qd2 Qxd2+
34. Nxd2 Rc8 35. Rxe5 Rc2 36. Ra5 1-0